00755 2200277 4500001002100000005001500021035002500036007000300061008004100064020002200105040001200127082001400139084001200153090001600165090002100181245006000202250001100262260004100273300003200314504002600346650003900372700001200411850001200423999002100435990002100456INLIS00000000003010220190902115812 a0010-081700000000308ta170814s2017 yoi g ind d a978-602-6645-02-9 aYOPDYOG042[23]a809 a809 Bar aDEP 809 Bar aCB-D.11 2017-6100 aBarat, fiksi & mahasiswa Indonesia /cNurhadi...[et.al] aCet. 12 aYogyakarta :bCantrik Pustaka,c2017 a201 hlm. :bilus. ;c20 cm. aBibliografi: hlm. 201 4aKesusastraan--xSejarah dan kritik0 aNURHADI aYOPDYOG aCB-D.11/2017-610 aCB-D.11/2017-610